000 00466cam a2200193ua 4500
001 5647
005 20260515113922.0
008 131007n ii |||gr||||Z||||||eng
040 _cMAIN
082 _a954.162
245 1 1 _aA History of Assam
_cBy Sir Edward Gait
250 _a2nd ed.
260 _aGuwahati:
_bBina Library,
_c2008.
300 _ax,431p.
653 _aHistory
653 _aA History of Assam
700 1 _aGait,Sir Edward,
_eAuthor.
942 _cBK
999 _c4802
_d4802